Критерии формы поперечного сечения взрывной скважины; Инновационные технологии в машиностроении

Библиографические подробности
Источник:Инновационные технологии в машиностроении.— 2017.— [С. 280-283]
Главный автор: Буялич Г. Д.
Другие авторы: Хуснутдинов М. К.
Примечания:Заглавие с экрана
Предложены критерии оценки форм поперечного сечения скважины, полностью заполненной удлиненным зарядом взрывчатого вещества. Критерии рассмотрены с точки зрения эффективности взрывного воздействия на горную породу и могут быть использованы при создании и обосновании конструкций бурового инструмента. Анализ геометрических форм поперечных сечений взрывной полости в виде правильных фигур показал, что имеется взаимосвязь критериев, конкретное значение которых может быть определено для имеющихся конструкций бурового инструмента.
Proposed criteria for the assessment of the bag of cross-section of the borehole is completely filled elongated explosive charge. Criteria considered from the point of view of the ability to influence the result of the explosive impact and can be used to create and justify the constructions of the drilling tool. The analysis of geometrical forms of cross sections of the explosive borehole in the form of correct figures have shown that there is a relationship of the considered criteria, however, a specific value can be determined for the existing designs of drilling tools.
Язык:русский
Опубликовано: 2017
Серии:Защита окружающей среды, безопасность и охрана труда на предприятиях
Предметы:
Online-ссылка:http://earchive.tpu.ru/handle/11683/45706
Формат: Электронный ресурс Статья
Запись в KOHA:https://koha.lib.tpu.ru/cgi-bin/koha/opac-detail.pl?biblionumber=625922

MARC

LEADER 00000naa2a2200000 4500
001 625922
005 20231101133403.0
035 |a (RuTPU)RU\TPU\conf\25188 
035 |a RU\TPU\conf\25187 
090 |a 625922 
100 |a 20171228d2017 k y0rusy50 ca 
101 0 |a rus  |d eng 
102 |a RU 
105 |a y z 101zy 
135 |a drcn ---uucaa 
181 0 |a i  
182 0 |a b 
200 1 |a Критерии формы поперечного сечения взрывной скважины  |f Г. Д. Буялич, М. К. Хуснутдинов 
203 |a Текст  |c электронный 
225 1 |a Защита окружающей среды, безопасность и охрана труда на предприятиях 
230 |a 1 компьютерный файл (pdf; 224 Kb) 
300 |a Заглавие с экрана 
320 |a [Библиогр.: с. 283 (14 назв.)] 
330 |a Предложены критерии оценки форм поперечного сечения скважины, полностью заполненной удлиненным зарядом взрывчатого вещества. Критерии рассмотрены с точки зрения эффективности взрывного воздействия на горную породу и могут быть использованы при создании и обосновании конструкций бурового инструмента. Анализ геометрических форм поперечных сечений взрывной полости в виде правильных фигур показал, что имеется взаимосвязь критериев, конкретное значение которых может быть определено для имеющихся конструкций бурового инструмента. 
330 |a Proposed criteria for the assessment of the bag of cross-section of the borehole is completely filled elongated explosive charge. Criteria considered from the point of view of the ability to influence the result of the explosive impact and can be used to create and justify the constructions of the drilling tool. The analysis of geometrical forms of cross sections of the explosive borehole in the form of correct figures have shown that there is a relationship of the considered criteria, however, a specific value can be determined for the existing designs of drilling tools. 
463 0 |0 (RuTPU)RU\TPU\conf\21273  |t Инновационные технологии в машиностроении  |o сборник трудов VIII Международной научно-практической конференции, 18-20 мая 2017 г., Юрга  |f Национальный исследовательский Томский политехнический университет (ТПУ), Юргинский технологический институт (ЮТИ) ; под ред. Д. А. Чинахова  |v [С. 280-283]  |d 2017 
610 1 |a электронный ресурс 
610 1 |a поперечное сечение 
610 1 |a скважины 
610 1 |a буровые инструменты 
610 1 |a радиусы 
610 1 |a силовые параметры 
700 1 |a Буялич  |b Г. Д. 
701 1 |a Хуснутдинов  |b М. К. 
801 2 |a RU  |b 63413507  |c 20171228  |g RCR 
856 4 |u http://earchive.tpu.ru/handle/11683/45706 
942 |c BK